000 00630nam a2200241Ia 4500
003 OSt
005 20220923230359.0
006 a|||||r|||| 00| 0
007 ta
008 220922b |||||||| |||| 00| 0 mar d
024 _a280,052
037 _cTextual
040 _aARTS
_cARTS
_bmar
041 _2mar
_amar
082 _aO155,3N272,1, L6
100 _aमंत्री, रमेश
245 0 _aमहानगर
246 _ahinānagara
260 _c1976
300 _a261पृ0
_ccm.
942 _hO155,3N272,1, L6
_cTEXL
_2CC
999 _c384400
_d384400